00979 a2200205 45000010006000000050017000060080041000230030015000640400040000790800093001192450039002120200018002512640034002693000024003035050265003270410008005921000043006007000031006438560099006744978820260407155759.0260407a1993 arg spa dAR-UNSa-BCEJYS aAR-UNSa-BCEJYSbspacAR-UNSa-BCEJYS a574xEcología general y biodiversidad. Biocenología. Hidrobiología. Biogeografía10aEcología y formación ambiental a970-10-0230-X 1aMéxico :bMcGraw-Hillc1993 axii, 303 p.c23 cm. a1. Generalidades acerca de la ecología. Definición del término ecología - 2. La energía en los ecosistemas - 3. Los ciclos ecológicos - 4. Ecología de poblaciones - 5. Ecosistemas - 6. Recursos naturales - 7. Educación y formación ambiental.  aspa1 aVásquez Torre, Guadalupe Ana María1 aValderrama, Margarita Cruz41uhttps://www.biblioeco.unsa.edu.ar/pmb/images/libros/L128181.jpgyImagen de portadaqimage/jpeg